高知県の市町村 (2000年) - Statistics

General Stats
  • This quiz has been taken 48 times
    36 since last reset
  • The average score is 38 of 53
Answers on the Map
Answers color-coded by a green-red scale on the quiz's map according to % correct below.
 
Answer Stats
ヒント 市町村名 % Correct
高知市こうちし
100%
室戸市むろとし
100%
安芸市あきし
100%
土佐市とさし
100%
宿毛市すくもし
100%
土佐清水市とさしみずし
100%
土佐郡 土佐町とさちょう
100%
南国市なんこくし
95%
須崎市すさきし
95%
中村市なかむらし
95%
安芸郡 東洋町とうようちょう
95%
安芸郡 奈半利町なはりちょう
95%
高岡郡 中土佐町なかとさちょう
95%
安芸郡 馬路村うまじむら
90%
長岡郡 大豊町おおとよちょう
90%
吾川郡 伊野町いのちょう
90%
高岡郡 檮原町ゆすはらちょう
90%
安芸郡 安田町やすだちょう
85%
安芸郡 北川村きたがわむら
85%
安芸郡 芸西村げいせいむら
85%
高岡郡 窪川町くぼかわちょう
80%
幡多郡 三原村みはらむら
80%
安芸郡 田野町たのちょう
75%
香美郡 土佐山田町とさやまだちょう
75%
長岡郡 本山町もとやまちょう
75%
土佐郡 土佐山村とさやまむら
75%
土佐郡 大川村おおかわむら
75%
高岡郡 佐川町さかわちょう
75%
高岡郡 日高村ひだかむら
75%
幡多郡 大月町おおつきちょう
75%
香美郡 赤岡町あかおかちょう
70%
香美郡 野市町のいちちょう
70%
吾川郡 吾川村あがわむら
65%
幡多郡 佐賀町さがちょう
65%
高岡郡 仁淀村によどむら
60%
香美郡 夜須町やすちょう
55%
吾川郡 春野町はるのちょう
55%
高岡郡 越知町おちちょう
55%
幡多郡 西土佐村にしとさむら
55%
香美郡 香我美町かがみちょう
50%
香美郡 吉川村よしかわむら
50%
高岡郡 東津野村ひがしつのむら
50%
幡多郡 大正町たいしょうちょう
50%
香美郡 香北町かほくちょう
45%
土佐郡 鏡村かがみむら
45%
香美郡 物部村ものべそん
40%
土佐郡 本川村ほんがわむら
40%
吾川郡 吾北村ごほくそん
40%
高岡郡 大野見村おおのみそん
40%
幡多郡 大方町おおがたちょう
40%
幡多郡 十和村とおわそん
40%
高岡郡 葉山村はやまむら
35%
吾川郡 池川町いけがわちょう
30%
No matching quizzes found
Score Distribution
Percent of People with Each Score
Percentile by Number Answered
Your Score History
You have not taken this quiz since the last reset